00491nam a2200157Ia 4500008004100000020001500041082001500056100002300071245007000094250000800164260004600172300002500218500001900243600002100262650005000283240925s9999 xx 000 0 und d a8177589938 a004.22 STA aStallings, William 0aComputer Organization and Architecture: designing for performance a7th aNew Delhi:bPearson Printice Hallc,2006. a929p.bNAfPhotocopy aIncludes Index aComputer Science aComputer science, information & general works